000
00325nam a2200109Ia 4500
008
171211s9999 xx 000 0 und d
245
4
_a
The Front Line Guide to Creating a Winning Management Style
245
_c
Woodrow Sears
260
_c
2007
650
_x
BUSINESS
856
_u
http://down.ebook777.com/063/9780874259377.pdf
999
_c
349467
_d
349467